[Event "Nordic-ch"]
[Site "Sarpsborg"]
[Date "2019.06.24"]
[Round "6"]
[White "Hanebuth, Katja"]
[Black "Asbjornsen, Jakob"]
[Result "0-1"]
[WhiteElo "1463"]
[BlackElo "1359"]
[PlyCount "84"]
[EventDate "2019.06.21"]
[EventType "swiss"]
[EventRounds "9"]
[EventCountry "NOR"]
[SourceTitle "CBM 191 Extra"]
[Source "ChessBase"]
[SourceDate "2019.09.30"]
[SourceVersion "1"]
[SourceVersionDate "2019.09.30"]
[SourceQuality "1"]

1. d4 Nf6 2. Nf3 e6 3. e3 Be7 4. Be2 0-0 5. 0-0 b6 6. b3 Bb7 7. Nbd2 d5 8. c4 Nbd7 9. h3 Re8 10. Bb2 Nf8 11. Ne5 N6d7 12. cxd5 Nxe5 13. dxe5 Bxd5 14. Bb5 Bxg2 15. Bxe8 Bxf1 16. Bxf7+ Kxf7 17. Qf3+ Kg8 18. Nxf1 Ng6 19. Rd1 Qe8 20. Rc1 c5 21. Rd1 Rb8 22. Rd2 Qc8 23. Qe2 Qb7 24. f3 Rf8 25. e4 Qc7 26. Nh2 Nxe5 27. Qg2 Ng6 28. Qf1 Bg5 29. Rg2 Bf4 30. Ng4 e5 31. Qc4+ Kh8 32. Kf1 Qd6 33. Qe2 Re8 34. Kg1 Bg5 35. Qf1 Bf4 36. Kh1 Rd8 37. Rf2 h5 38. Nh2 Bg3 39. Rg2 h4 40. Qc1 Nf4 41. Rc2 Qd1+ 42. Qxd1 Rxd1+ 0-1